000 00370 a2200169 4500
001 124123
020 _a9781897457764
040 _cEscola Canadense de Niteroi
090 _aTeachers
100 _aMonica Whatley
245 1 0 _aComplete Science Smart: Grade 4
260 _aCanada
362 0 _a2015
490 0 _aScienceSmart
650 4 _aScience
942 _cBK
999 _c124123
_d124123